000
00214 a2200097 4500
020
_a
9780740619267
041
_a
spa
100
_a
Christine Finochio y Jennette Mackenzie
245
_a
Donde esta mi libro
942
_c
BK
999
_c
1875
_d
1875